LEADER 01660nam a2200289 u 4500 001 000000017994 003 CaOOAMICUS 005 20070226110626.0 008 941217s1934 it h u000 u ita u 035 $a10419525 040 $aPUL(R)$bita 100 1 $aAstuti, Guido,$d1910-1980.$0(OLS)http://pul/name/4396 245 13$aIl libro dell'entrata e dell'uscita di una compagnia mercantile senese del secolo XIII (1277-1282) /$cGuido Astuti. 260 $aTorino :$bS. Lattes & c.,$c1934. 300 $axxiv p., 563 p., [1] c. di tav. :$bfacs. ;$c26 cm 490 1 $aDocumenti e studi per la storia del commercio e del diritto commerciale italiano ;$v5 500 $aÉ {mlrhring}il {mlrhring}Livro dell'entrata et dell'uscita{AF} di una compagnia senese non identificata{AF}. - Pref. 500 $aContiene indici. 500 $aNote bibliografiche a piè pagina della prefazione. 650 4$aCommercio$xStoria$xFonti.$0(OLS)http://pul/subject/12588 830 0$aDocumenti e studi per la storia del commercio e del diritto commerciale italiano ;$v5.$0(OLS)http://pul/title/4765 850 $aPUL 852 $aPUL$W1$xDP2 Diritto Canonico 1$y64$m167 F 36$j25339$nBK-PRI$qStampati$B25339$CPULBib$Z2$F25339 $H7488 $82 941 1 $a8 961 $aPrecedente collocazione: Bibliotheca Pontificium Institutum Utriusque Iuris (22 F 5).Timbro sul front.: Bibliotheca Pontificium Institutum Utriusque Iuris. 996 $6245$aIl libro dell'entrata e dell'uscita di una compagnia mercantile senese del secolo XIII (1277-1282)$9(OLS)http://pul/title/25718 996 $6260$aTorino :$bS. Lattes & c.$9(OLS)http://pul/publisher/50108 LEADER 01686nam a2200349 a 4500 001 000000174656 003 CaOOAMICUS 005 20210714112104.0 006 a 000 u 008 210714s2021 it u000 u ita r 020 $a978-88-10-21710-8* 032 $aLibriCat 040 $aPUL$bita 100 1 $aParisi, Cristiano Massimo,$cC.P.,$d1969 -$0(OLS)http://pul/name/90553 245 13$aLa memoria della Passione nel carisma di fondazione di San Paolo della Croce : $blinee guida per una ermeneutica /$cCristiano Massimo Parisi; Presentazione di Joachim Rego, Prefazione di Agostino Montan, postfazione di Mario Fedele Collu. 260 $aBologna :$bEDB,$c©2021. 300 $a198 p. ;$c21 cm 490 1 $aStudi e ricerche 504 $aBibliografia in nota. 600 04$aPaulus a Cruce,$cs.,$d1694-1775.$0(OLS)http://pul/subject/32940 610 24$aPassionisti$xStoria.$0(OLS)http://pul/subject/10704 700 1 $aRego, Joachim.$0(OLS)http://pul/name/112228 700 1 $aMontan, Agostino.$0(OLS)http://pul/name/34809 700 1 $aCollu, Mario Fedele.$0(OLS)http://pul/name/79484 830 0$aStudi e ricerche (Dehoniane).$0(OLS)http://pul/title/118171 850 $aPUL 852 $aPUL$W1$xSL Religione 3$y85$m271. 6 PARCR 1$j198965$qDDC 21$B203599$CPULBib$Z2$F203599 $H135114 $82 941 1 $a9 996 $6020$a978-88-10-21710-8*$9(OLS)http://pul/number/168274 996 $6245$aLa memoria della Passione nel carisma di fondazione di San Paolo della Croce : $blinee guida per una ermeneutica$9(OLS)http://pul/title/215966 996 $6260$aBologna :$bEDB$9(OLS)http://pul/publisher/56073